[Event "BL2-N9091"]
[Site "Germany"]
[Date "1991.??.??"]
[Round "?"]
[White "Ehrke, Michael"]
[Black "Herrmann, M."]
[Result "1-0"]
[WhiteElo "2220"]
[BlackElo "2265"]

1.e4 c5 2.Nf3 Nc6 3.d4 cxd4 4.Nxd4 e6 5.Nc3 a6 6.g3 Qc7 7.Bg2 Nf6 8.O-O Nxd4
9.Qxd4 Bc5 10.Bf4 d6 11.Qd2 Bb4 12.Nb5 axb5 13.Qxb4 e5 14.Bg5 Qc5 15.Qd2 Ng4
16.Qd3 h6 17.Bd2 Be6 18.b3 O-O 19.h3 Nf6 20.a3 Rfd8 21.Bb4 Qb6 22.Rad1 Rac8
23.Rd2 Rd7 24.Qe2 Rc6 25.Rfd1 Qc7 26.Qxb5 Rxc2 27.Rxd6 Rb2 28.Qxe5 Qc2 29.Rf1 Rxd6
30.Bxd6 Bxb3 31.Qd4 Bc4 32.Re1 Qd2 33.Qxd2 Rxd2 34.Bb4 Ra2 35.Rd1 Be6 36.f4 Nh5
37.Kh2 Nf6 38.Rd2 Rxd2 39.Bxd2 Bc4 40.Bc3 Ne8 41.Be5 Kf8 42.Kg1 Bd3 43.Kf2 Ke7
44.Ke3 Bb5 45.Bf3 f6 46.Bc3 Nc7 47.Bb4+ Kf7 48.Bd1 Bc4 49.Kd4 Bf1 50.Bb3+ Ke8
51.h4 Bh3 52.f5 Bg2 53.Bc4 Na6 54.Bd6 Bf3 55.Bd5 b6 56.Bc4 Nc5 57.Bxc5 bxc5+
58.Kd5 Kf8 59.Bd3 g6 60.Kxc5  1-0

[Event "Bundesliga 9091"]
[Site "Germany"]
[Date "1991.??.??"]
[Round "?"]
[White "Werner, Marc"]
[Black "Roese, Oliver"]
[Result "1-0"]
[WhiteElo "2320"]
[BlackElo "2385"]

1.e4 c5 2.Nf3 e6 3.d4 cxd4 4.Nxd4 Nc6 5.Nc3 a6 6.Be2 Qc7 7.Be3 b5 8.a3 Bb7
9.f4 Na5 10.O-O Nc4 11.Bxc4 Qxc4 12.Nb3 Qc7 13.Bd4 Nf6 14.Qd3 Be7 15.e5 Nd5
16.Ne4 Nb6 17.f5 Bd5 18.Rf2 Nc4 19.Re1 Qc6 20.Bc3 Rd8 21.Qf3 exf5 22.Qxf5 O-O
23.Nf6+ Bxf6 24.exf6 Rfe8 25.Rxe8+ Rxe8 26.Qg5  1-0

[Event "Bundesliga 9091"]
[Site "Germany"]
[Date "1991.??.??"]
[Round "?"]
[White "Vogt, Lothar"]
[Black "Roese, Oliver"]
[Result "1-0"]
[WhiteElo "2505"]
[BlackElo "2385"]

1.e4 c5 2.Nf3 e6 3.d4 cxd4 4.Nxd4 Nc6 5.Nc3 a6 6.g3 Nge7 7.Nb3 b5 8.Bg2 d6
9.O-O Ng6 10.Nd4 Nge5 11.a4 Nxd4 12.Qxd4 Nc6 13.Qe3 b4 14.Ne2 Bb7 15.Bd2 Be7
16.Nd4 a5 17.Nxc6 Bxc6 18.c3 O-O 19.cxb4 axb4 20.b3 d5 21.Rac1 d4 22.Qf4 Rc8
23.Rfd1 Qa5 24.Bf1 Rfd8 25.Bd3 Bd7 26.e5 Qb6 27.h4 Bc6 28.Be4 Qb7 29.Rxc6 Rxc6
30.Bxc6 Qxc6 31.Rc1 Qd5 32.Rc4 d3 33.Qe4 Qxe4 34.Rxe4 f6 35.exf6 Bxf6 36.Rxb4 Bd4
37.Kf1 e5 38.Ke1 Rf8 39.f4 Rd8 40.fxe5 Bxe5 41.Kf2 h5 42.g4 Bd4+ 43.Kf3 hxg4+
44.Kxg4 Kf7 45.Kf5 g6+ 46.Ke4 Bf6 47.a5 Bxh4 48.Rd4 Rb8 49.b4 Ke6 50.Kxd3 Be7
51.Kc4 Bd8 52.Bf4 Ra8 53.Kb5 g5 54.Bg3 Bf6 55.Rd6+ Kf5 56.Rxf6+ Kxf6 57.a6 Ke6
58.Kb6 Kd5 59.Kb7 Rf8 60.b5 Kc5 61.b6 g4 62.a7  1-0

[Event "Bundesliga 9091"]
[Site "Germany"]
[Date "1991.??.??"]
[Round "?"]
[White "Fahnenschmidt, Gerhard"]
[Black "Steinbacher, Matthias"]
[Result "1/2-1/2"]
[WhiteElo "2385"]
[BlackElo "2370"]

1.d4 e6 2.Nf3 c5 3.e4 cxd4 4.Nxd4 Nc6 5.Nc3 d6 6.g4 Nxd4 7.Qxd4 Ne7 8.Be3 Nc6
9.Qd2 Be7 10.Be2 O-O 11.g5 Qa5 12.f4 Rd8 13.Rd1 d5 14.exd5 exd5 15.Nb5 Qxa2
16.O-O d4 17.Nxd4 Nxd4 18.Bxd4 Bf5 19.c3 Qb3 20.Bd3 Bxd3 21.Qxd3 Bc5 22.Rf2 Rac8
23.Rfd2 Bxd4+ 24.cxd4 Qxd3 25.Rxd3 Rc2 26.R1d2 Rxd2 27.Rxd2 Kf8 28.Kf2 Rd5
29.Ke3 Ke7 30.Ke4 Rb5 31.Rc2 Kd6 32.h4 a5 33.h5 b6 34.Rh2 f5+ 35.gxf6 gxf6
36.f5 Rb3 37.h6 Rg3 38.Kf4 Rg1 39.Re2 Rf1+ 40.Kg4 Rg1+ 41.Kf4 Rf1+ 42.Kg4 Rg1+  1/2-1/2

[Event "BL2-S qual"]
[Site "Germany"]
[Date "1991.??.??"]
[Round "?"]
[White "Howell, James C"]
[Black "Witke, Thomas"]
[Result "1/2-1/2"]
[WhiteElo "2455"]
[BlackElo "2265"]

1.e4 c5 2.Nf3 e6 3.d4 cxd4 4.Nxd4 Nc6 5.Nc3 Qc7 6.Ndb5 Qb8 7.a4 Nf6 8.Bg5 Bb4
9.Bxf6 gxf6 10.Bd3 a6 11.Na3 Qe5 12.O-O Bxc3 13.Nc4 Qg5 14.bxc3 Rg8 15.g3 h5
16.Be2 h4 17.Qd6 Ne5 18.Nxe5 Qxe5 19.Qxe5 fxe5 20.a5 d5 21.exd5 exd5 22.c4 Be6
23.cxd5 Bxd5 24.Ra4 hxg3 25.fxg3 O-O-O 26.Bf3 Bxf3 27.Rxf3 Rd1+  1/2-1/2

[Event "BL2-W9091"]
[Site "Germany"]
[Date "1991.??.??"]
[Round "?"]
[White "Cuijpers, Frans Andre"]
[Black "Szypulski, Andrzej"]
[Result "1/2-1/2"]
[WhiteElo "2415"]
[BlackElo "2385"]

1.e4 c5 2.Nf3 e6 3.d4 cxd4 4.Nxd4 Nc6 5.Nc3 Qc7 6.Be2 Nf6 7.O-O a6 8.Be3 d6
9.f4 Be7 10.a4 O-O 11.Kh1 Re8 12.Bf3 Nd7 13.Qe1 Rb8 14.Qg3 Bf8 15.Nb3 b6  1/2-1/2

[Event "Aandalucia-ch"]
[Site "Granada"]
[Date "1991.??.??"]
[Round "2"]
[White "Galvez Extremera, Francisco"]
[Black "Teran Alvarez, Ismael"]
[Result "0-1"]
[WhiteElo "2100"]
[BlackElo "2245"]

1.e4 c5 2.Nf3 e6 3.d4 cxd4 4.Nxd4 Nc6 5.Nc3 a6 6.Be2 d6 7.O-O Be7 8.Be3 Nf6
9.f4 Qc7 10.Kh1 O-O 11.g4 Re8 12.g5 Nd7 13.Bh5 g6 14.Rf3 gxh5 15.Rh3 Nf8
16.Qxh5 Nxd4 17.Bxd4 e5 18.f5 exd4 19.g6 fxg6 20.Rg1 Bxf5 21.Qxf5 dxc3 22.Rf3 Qc4  0-1

[Event "Groningen op"]
[Site "Groningen"]
[Date "1991.??.??"]
[Round "2"]
[White "Kaminski, Marcin"]
[Black "Kiik, Kalle"]
[Result "1/2-1/2"]
[WhiteElo "2320"]
[BlackElo "2415"]

1.e4 c5 2.Nf3 e6 3.d4 cxd4 4.Nxd4 Nc6 5.Nc3 d6 6.Be2 Nf6 7.O-O Be7 8.Be3 Bd7
9.f4 Nxd4 10.Bxd4 Bc6 11.Bf3 O-O 12.Qe1 Qc7 13.Qg3 Rac8 14.Kh1 b5 15.Rae1 b4
16.e5 dxe5 17.Bxe5 Qb6 18.Bxc6 Qxc6 19.Ne4 Kh8 20.Re3 Qc4 21.Rfe1 Rcd8 22.Nxf6 gxf6
23.Qh4 fxe5 24.Qxe7 Qxf4 25.Rf3 Rde8 26.Qxa7 Qd2 27.Ref1 f5 28.Rh3 h6 29.Qc7 e4
30.Qe5+ Kh7 31.Qc7+ Kh8  1/2-1/2

[Event "Groningen op"]
[Site "Groningen"]
[Date "1991.??.??"]
[Round "9"]
[White "Kuczynski, Robert"]
[Black "Cifuentes Parada, Roberto"]
[Result "1-0"]
[WhiteElo "2480"]
[BlackElo "2535"]

1.e4 c5 2.Nf3 e6 3.Nc3 Nc6 4.d4 cxd4 5.Nxd4 Nf6 6.Nxc6 bxc6 7.e5 Nd5 8.Ne4 f5
9.exf6 Nxf6 10.Nd6+ Bxd6 11.Qxd6 Qb6 12.Bd3 c5 13.Bf4 Bb7 14.O-O Rc8 15.c4 Qxd6
16.Bxd6 Rc6 17.Be5 O-O 18.Rfe1 Ng4 19.Bg3 Rb6 20.b3 a5 21.f3 Nf6 22.Bf2 Rc8
23.Re5 Rbc6 24.Rae1 Kf7 25.h3 g6 26.R1e2 R6c7 27.Kh2 Nh5 28.Bc2 d6 29.R5e3 d5
30.g3 Ng7 31.g4 d4 32.Rd3 Kg8 33.Re5 Kf7 34.a4 Ne8 35.Be1 Ra8 36.Kg3 Nf6
37.Rd1 Nd7 38.Re2 e5 39.f4 exf4+ 40.Kxf4 Rc6 41.Bh4 Rf8 42.Re7+ Kg8+ 43.Kg5 Rf7
44.Rxf7 Kxf7 45.Re1 Rd6 46.Bd3 Re6 47.Kf4 g5+ 48.Kf5 Rf6+ 49.Kxg5 Rf3 50.Bxh7 Nf8
51.Bf5 Rxh3 52.Kh5 Bf3 53.Re7+ Kg8 54.Kg5 Bd1 55.Be1 Bxb3 56.Bxa5 Bxc4 57.Bd2 Bd3
58.a5 Bxf5 59.Kxf5 Rf3+ 60.Ke4 Rf2 61.Bg5 Rb2 62.Kd3 Ra2 63.Bf6 Ng6 64.Rg7+ Kf8
65.Rxg6 Kf7 66.Rh6 Rxa5 67.g5 Ra1 68.Be5 Rd1+ 69.Ke4 Re1+ 70.Kd5 Rg1 71.Bf4 Rf1
72.Rh4 Rf2 73.Ke4 Re2+ 74.Kf5 d3 75.g6+ Ke7 76.Rh7+ Ke8 77.Rb7  1-0

[Event "Guildford"]
[Site "Guildford"]
[Date "1991.??.??"]
[Round "?"]
[White "Hennigan, Michael"]
[Black "Tozer, Richard"]
[Result "0-1"]
[WhiteElo "2300"]
[BlackElo "2340"]

1.e4 c5 2.Nf3 e6 3.d4 cxd4 4.Nxd4 Nc6 5.Nc3 Qc7 6.Be3 a6 7.Qd2 Nf6 8.f3 Ne5
9.g4 Bb4 10.g5 Nh5 11.f4 Nc4 12.Bxc4 Qxc4 13.Nde2 b5 14.O-O-O O-O 15.Qd3 Qc6
16.Bd4 Bb7 17.Qf3 g6 18.Ng3 Ng7 19.h4 Rac8 20.h5 Bxc3 21.bxc3 b4 22.hxg6 fxg6
23.Qg4 Rf7 24.Qh4 Ne8 25.Rd3 Nd6 26.Qh6 e5 27.Bxe5 Nxe4 28.Nxe4 Qxe4 29.Rhd1 bxc3
30.Bxc3 Qxf4+ 31.Kb2 Bc6 32.Rd4 Rb8+ 33.Ka1 Qf5 34.R4d2 Qc5 35.Bd4 Qc4 36.Qh3 Rf3
37.Qh6 Rf7 38.Qh3 Bd5 39.c3 Be6 40.Qe3 Rf1 41.Re1 Qb5 42.Qe4 Bf5  0-1

[Event "Guildford"]
[Site "Guildford"]
[Date "1991.??.??"]
[Round "?"]
[White "Hennigan, Michael"]
[Black "Fogarasi, Tibor"]
[Result "1/2-1/2"]
[WhiteElo "2300"]
[BlackElo "2420"]

1.e4 c5 2.Nf3 e6 3.d4 cxd4 4.Nxd4 Nc6 5.Nc3 Qc7 6.Be3 a6 7.Be2 Nf6 8.O-O Bb4
9.Na4 O-O 10.Nxc6 bxc6 11.Nb6 Rb8 12.Nxc8 Rfxc8 13.Bxa6 Rf8 14.Bd3 Bd6 15.f4 e5
16.f5 Rxb2 17.g4 Qa5 18.Kh1 Bc5 19.Bxc5 Qxc5 20.g5 Ne8 21.Qc1 Rb4 22.a3 Rd4
23.g6 d5 24.gxh7+ Kxh7 25.f6 dxe4 26.fxg7 Nxg7 27.Rg1 f6 28.Be2 Rd7 29.Qf1 f5  1/2-1/2

[Event "Guildford"]
[Site "Guildford"]
[Date "1991.??.??"]
[Round "?"]
[White "Fogarasi, Tibor"]
[Black "Tozer, Richard"]
[Result "1-0"]
[WhiteElo "2420"]
[BlackElo "2340"]

1.e4 c5 2.Nf3 e6 3.d4 cxd4 4.Nxd4 Nc6 5.Nc3 Qc7 6.f4 a6 7.Nxc6 Qxc6 8.Bd3 b5
9.Qe2 Bb7 10.Bd2 Ne7 11.Qh5 Nc8 12.O-O-O Nb6 13.Be3 Be7 14.Bd4 O-O 15.Nd5 exd5
16.exd5 Qh6 17.Qxh6 gxh6 18.Bxb6 f5 19.Rhe1 Bd6 20.g3 h5 21.Kb1 Kg7 22.Bd4+ Kg6
23.c4 bxc4 24.Bxc4 Rfe8 25.Kc2 Re4 26.Kd3 Rae8 27.Re3 Rxe3+ 28.Bxe3 h4 29.Ke2 hxg3
30.hxg3 h5 31.Kf3 Re4 32.Rd4 Rxd4 33.Bxd4 Be7 34.Bf2 Bf6 35.b4 Bc3 36.Bc5 Bf6
37.Ke3 h4 38.gxh4 Bxh4 39.a4 Bf6 40.d6 Bd8 41.a5 Bf6 42.Bd4 Bh4 43.b5 axb5
44.Bxb5 Be1 45.a6 Bc8 46.a7 Bb7 47.Be2  1-0

[Event "Guildford"]
[Site "Guildford"]
[Date "1991.??.??"]
[Round "?"]
[White "Sievers, Stefan"]
[Black "Tozer, Richard"]
[Result "1-0"]
[WhiteElo "2340"]
[BlackElo "2340"]

1.e4 c5 2.Nf3 e6 3.d4 cxd4 4.Nxd4 Nc6 5.Nc3 a6 6.f4 Nge7 7.Be2 Nxd4 8.Qxd4 Nc6
9.Qf2 b5 10.O-O Be7 11.e5 d5 12.exd6 Qxd6 13.Be3 O-O 14.Rad1 Qc7 15.Ne4 Nb4
16.c3 Nd5 17.Bd4 Bb7 18.Bd3 f5 19.Nc5 Bxc5 20.Bxc5 Rf6 21.Bd4 Rg6 22.Rd2 Qc6
23.Rfd1 Kh8 24.Bf1 Rg8 25.Be5 Rg4 26.Rd3 Nf6 27.Rg3 Rxg3 28.Qxg3 Qc5+ 29.Rd4 Bd5
30.a3 Ng4 31.Qe1 Rc8 32.h3 Nxe5 33.Qxe5 Qc7 34.Qxc7 Rxc7 35.a4 Rb7 36.axb5 axb5
37.Rb4 Bc6 38.c4 bxc4 39.Rxb7 Bxb7 40.Bxc4 Bc8 41.Kf2 Kg8 42.Ke3 Kf7 43.Kd4 Kf6
44.Be2 Bd7 45.h4 g6 46.b4 Bc6 47.Bf3 Bb5 48.Kc5 Ba6 49.Kd6 h5 50.Bc6 Bc8
51.b5  1-0

[Event "Hajduszoboszlo zt (Women)"]
[Site "Hajduszoboszlo"]
[Date "1991.??.??"]
[Round "2"]
[White "Lupu, Smaranda  B"]
[Black "Pilarska, Czeslawa"]
[Result "1/2-1/2"]
[WhiteElo "2220"]
[BlackElo "2205"]

1.e4 c5 2.Nf3 e6 3.d4 cxd4 4.Nxd4 Nc6 5.Nc3 d6 6.g3 Nf6 7.Bg2 Be7 8.Nxc6 bxc6
9.e5 Nd5 10.exd6 Qxd6 11.Ne4 Qc7 12.O-O O-O 13.c4 Nf6 14.Nc3 Bb7 15.Qe2 c5
16.Bf4 Qb6 17.Nd5 Nxd5 18.Bxd5 exd5 19.Qxe7 Rfe8  1/2-1/2

[Event "Hamburg SKA"]
[Site "Hamburg"]
[Date "1991.??.??"]
[Round "?"]
[White "Mueller, Karsten"]
[Black "Cramling, Pia"]
[Result "1-0"]
[WhiteElo "2425"]
[BlackElo "2470"]

1.e4 c5 2.Nf3 e6 3.d4 cxd4 4.Nxd4 Nc6 5.Nc3 Qc7 6.Be2 a6 7.O-O Nf6 8.Be3 Bb4
9.Na4 O-O 10.Nxc6 bxc6 11.Nb6 Rb8 12.Nxc8 Rfxc8 13.Bxa6 Rf8 14.Bd3 Bd6 15.f4 e5
16.f5 Rxb2 17.g4 Qa5 18.g5 Ne8 19.Kh1 Bc5 20.Bxc5 Qxc5 21.Qg4 Nc7 22.a4 Ra8
23.g6 fxg6 24.fxg6 Ne6 25.gxh7+ Kh8 26.Rf7 Rf8 27.Rxd7 Qe3 28.Rg1 g5 29.Re7 Nd4
30.Qxg5 Qxg5 31.Rxg5 Nf3 32.Rg8+ Rxg8 33.hxg8=Q+ Kxg8 34.a5 Kf8 35.Rc7 Ra2
36.a6 Ra1+ 37.Kg2 Ne1+ 38.Kg3 Nxd3 39.a7 Nc5 40.Rc8+ Ke7 41.a8=Q Nxe4+ 42.Kg4 Rxa8
43.Rxa8 Ke6 44.h4 Nf6+ 45.Kg5 e4 46.Kf4 Kd5 47.Rd8+ Kc4 48.Rd6 Nh5+ 49.Kxe4 c5
50.Rd3 Kb4 51.Rf3  1-0

[Event "Hamburg HSK"]
[Site "Hamburg"]
[Date "1991.??.??"]
[Round "6"]
[White "Putzbach, Gerd"]
[Black "Horvath, Tamas"]
[Result "0-1"]
[WhiteElo "2345"]
[BlackElo "2415"]

1.e4 c5 2.Nf3 e6 3.d4 cxd4 4.Nxd4 Nc6 5.Nc3 Nf6 6.Ndb5 d6 7.Bf4 e5 8.Bg5 a6
9.Na3 b5 10.Nd5 Be7 11.Nxe7 Nxe7 12.Bxf6 gxf6 13.c4 Bb7 14.cxb5 Bxe4 15.Qa4 d5
16.bxa6+ Kf8 17.Rc1 Rg8 18.f3 Bf5 19.Rc5 Qd6 20.b4 e4 21.Qb3 exf3 22.gxf3 Qe5+
23.Kd1 Qd4+ 24.Kc1 Qf2 25.Nc2 Rg1 26.Rxg1 Qxg1 27.Ne3 Bh3 28.Qd3 d4 29.Qe4 Rxa6
30.Qxd4 Re6 31.Kb2 Rxe3 32.Qd8+ Kg7 33.Bxh3 Qxh2+ 34.Rc2 Qxh3 35.b5 Qf5 36.b6 Qe5+
37.Kb1 Re1+ 38.Rc1 Qb5+ 39.Kc2 Qc4+ 40.Kd2 Qxc1+  0-1

[Event "Hartberg op"]
[Site "Hartberg"]
[Date "1991.??.??"]
[Round "5"]
[White "Prandstetter, Eduard"]
[Black "Sinowjew, Juri"]
[Result "1/2-1/2"]
[WhiteElo "2430"]
[BlackElo "2300"]

1.e4 c5 2.Nf3 e6 3.d4 cxd4 4.Nxd4 Nc6 5.Nc3 a6 6.Be2 Qc7 7.f4 d6 8.Be3 Nf6
9.O-O Be7 10.Qe1 O-O 11.Qg3 Nxd4 12.Bxd4 b5 13.a3 Bb7 14.Kh1 Bc6 15.Rae1 Rac8
16.Bd3 e5 17.fxe5 Nh5 18.Qh3 dxe5 19.Nd5 Bxd5 20.Bxe5 Qxe5 21.exd5 Qg5 22.Rf5 Qh4
23.Qxh4 Bxh4 24.Rxh5 Bxe1 25.Bxh7+ Kh8  1/2-1/2

[Event "Hartberg op"]
[Site "Hartberg"]
[Date "1991.??.??"]
[Round "7"]
[White "Dobrovolsky, Ladislav"]
[Black "Jurkovic, Hrvoje"]
[Result "0-1"]
[WhiteElo "2395"]
[BlackElo "2275"]

1.e4 c5 2.Nf3 e6 3.d4 cxd4 4.Nxd4 Nc6 5.Nc3 a6 6.Nxc6 bxc6 7.Bd3 Qc7 8.O-O Nf6
9.Qe2 Bd6 10.f4 e5 11.Kh1 Bb7 12.Bd2 O-O 13.f5 Be7 14.Rae1 d5 15.Rf3 Rfe8
16.Rh3 Rad8 17.Bc1 Bb4 18.Bg5 Qd6 19.Qf2 Bxc3 20.bxc3 h6 21.Qh4 Kf8 22.Bxf6 Qxf6
23.Qxf6 gxf6 24.Rxh6 Ke7 25.h3 c5 26.Rb1 Rd7 27.Rb6 dxe4 28.Bc4 e3 29.Rh4 Rg8
30.Rg4 Rxg4 31.hxg4 Be4 32.Rc6 Rd2 33.Rc7+ Kd8 34.Rxf7 Bd5 35.Rxf6 Bxc4  0-1

[Event "Hartberg op"]
[Site "Hartberg"]
[Date "1991.??.??"]
[Round "9"]
[White "Moiseev, Viktor"]
[Black "Sinowjew, Juri"]
[Result "1-0"]
[WhiteElo "2460"]
[BlackElo "2300"]

1.e4 c5 2.Nf3 e6 3.d4 cxd4 4.Nxd4 Nc6 5.Nc3 a6 6.Be2 Qc7 7.O-O Nf6 8.Kh1 Be7
9.f4 d6 10.Be3 O-O 11.a4 Rd8 12.Qe1 Nxd4 13.Bxd4 e5 14.Bg1 exf4 15.a5 Re8
16.Bb6 Qb8 17.Rxf4 d5 18.Qf2 Be6 19.Rf1 dxe4 20.Bd4 Qd8 21.Nxe4 Nxe4 22.Rxe4 Bf8
23.Bd3 Qxa5 24.Rxe6 fxe6 25.Qh4  1-0

[Event "Hastings Challengers9192"]
[Site "Hastings"]
[Date "1991.??.??"]
[Round "?"]
[White "Kosten, Anthony C"]
[Black "Martin, Andrew D"]
[Result "1-0"]
[WhiteElo "2535"]
[BlackElo "2415"]

1.e4 c5 2.Nf3 e6 3.d4 cxd4 4.Nxd4 Nc6 5.Nc3 Qc7 6.Be3 a6 7.Bd3 Nf6 8.O-O Ne5
9.h3 Bc5 10.Qe2 b5 11.f4 Nc6 12.Nxc6 Qxc6 13.Bxc5 Qxc5+ 14.Rf2 b4 15.Na4 Qc6
16.b3 Bb7 17.Re1 O-O 18.Qe3 Rad8 19.Qc5 Qxc5 20.Nxc5 Bc8 21.e5 d6 22.Nxa6 Nd5
23.exd6 Bxa6 24.Bxa6 Rxd6 25.Bc4 Nc3 26.f5 Re8 27.fxe6 fxe6 28.Rf3 Nxa2 29.Rfe3 Kf7
30.Rf1+ Kg8 31.Rfe1 Kf7 32.Ra1 Nc3 33.Rf3+ Kg8 34.Ra7 Rf8 35.Re3 Rf6 36.Rb7 Rd1+
37.Kh2 Nd5 38.Re2 Nf4 39.Rf2 h5 40.Rxb4 Nd5 41.Rb8+ Kf7 42.Rb7+ Kg6 43.Bd3+ Kh6
44.Rxf6+ Nxf6 45.Re7 Re1 46.Kg3 Nd5 47.Re8 g6 48.Bc4 h4+ 49.Kxh4 Nf4 50.Kg3 e5
51.Kf3 Kg5 52.h4+ Kf6 53.g3  1-0

[Event "Hastings Challengers9192"]
[Site "Hastings"]
[Date "1991.??.??"]
[Round "?"]
[White "Morris, Philip"]
[Black "Arakhamia, Ketevan"]
[Result "0-1"]
[WhiteElo "2385"]
[BlackElo "2475"]

1.e4 c5 2.Nf3 e6 3.d4 cxd4 4.Nxd4 Nc6 5.Nc3 d6 6.Be3 Nf6 7.Be2 a6 8.O-O Be7
9.f4 Qc7 10.Qe1 Bd7 11.Qg3 h5 12.Nb3 O-O-O 13.Bf3 Rdg8 14.Na4 g5 15.Nb6+ Kb8
16.fxg5 h4 17.Qf2 Nh7 18.Rad1 Nxg5 19.Bxg5 Rxg5 20.Nxd7+ Qxd7 21.Nc5 Qc7
22.Nd3 Qa5 23.c3 Qxa2 24.Ra1 Qc4 25.Rfd1 h3 26.g3 f5 27.exf5 Rxf5 28.Qe2 d5
29.Bg4 Rf6 30.Rf1 Rfh6 31.Ne5 Qc5+ 32.Kh1 Nxe5 33.Qxe5+ Bd6 34.Qe2 e5 35.Rf7 e4
36.Rd1 Rd8 37.Qf1 Bc7 38.b4 Qc6  0-1

[Event "Helsingborg-A"]
[Site "Helsingborg"]
[Date "1991.??.??"]
[Round "?"]
[White "Moberg, Karl Johan"]
[Black "Sanden, Stefan"]
[Result "0-1"]
[WhiteElo "2200"]
[BlackElo "2285"]

1.e4 c5 2.Nf3 e6 3.d4 cxd4 4.Nxd4 Nc6 5.Nc3 d6 6.Be3 Nf6 7.Qd2 Be7 8.f3 O-O
9.O-O-O a6 10.g4 Nd7 11.h4 Nde5 12.Qg2 b5 13.Nxc6 Nxc6 14.Kb1 b4 15.Ne2 a5
16.g5 a4 17.f4 b3 18.cxb3 axb3 19.a3 Qa5 20.Nd4 Bd7 21.Qd2 Nxd4 22.Qxa5 Rxa5
23.Bxd4 Bc6 24.Bg2 e5 25.Bc3 Ra4 26.Bb4 exf4 27.Rh3 f3 28.Bxf3 f6 29.e5 Bxf3
30.Rxf3 fxe5 31.Rxb3 Ra6 32.Rc3 Kf7 33.Rf1+ Ke6 34.Rxf8 Bxf8 35.Rc8 Be7 36.Kc2 h6
37.gxh6 gxh6 38.Rh8 Bxh4 39.Rxh6+ Bf6 40.Bd2 Kf5 41.Rh1 d5 42.Rf1+ Ke6 43.Bc1 Rc6+
44.Kb3 e4 45.Ka4 d4 46.b4 e3 47.Kb5 e2 48.Rh1 Rxc1 49.Rxc1 d3 50.Re1 Kd5
51.a4 Bc3  0-1

[Event "Helsingborg-A"]
[Site "Helsingborg"]
[Date "1991.??.??"]
[Round "?"]
[White "Clementsson, Jan"]
[Black "Sanden, Stefan"]
[Result "0-1"]
[WhiteElo "2200"]
[BlackElo "2285"]

1.e4 c5 2.Nf3 e6 3.d4 cxd4 4.Nxd4 Nc6 5.Nc3 d6 6.Be3 Nf6 7.Bb5 Bd7 8.Qe2 a6
9.Bxc6 Bxc6 10.f3 Be7 11.O-O-O Qc7 12.g4 O-O 13.g5 Nd7 14.h4 b5 15.g6 b4
16.gxf7+ Rxf7 17.Nxe6 Qa5 18.Nb1 Qxa2 19.Ng5 Rff8 20.Bd4 Rac8 21.f4 Rxf4
22.b3 Bb5 23.Rd3 Rxh4 24.Rg1 Bxg5+ 25.Rxg5 Rh1+ 26.Bg1  0-1

[Event "Helsingborg-A"]
[Site "Helsingborg"]
[Date "1991.??.??"]
[Round "?"]
[White "Fridh, Anton"]
[Black "Eriksson, Anders"]
[Result "0-1"]
[WhiteElo "2235"]
[BlackElo "2270"]

1.e4 c5 2.Nf3 e6 3.d4 cxd4 4.Nxd4 Nc6 5.Nc3 a6 6.Be2 Nge7 7.O-O b5 8.a3 Bb7
9.Bg5 Qb8 10.Nb3 Ng6 11.Qd2 Qc7 12.Rad1 Nce5 13.Be3 Rd8 14.Qd4 Rc8 15.f4 Nc6
16.Qd2 b4 17.axb4 Nxb4 18.Kh1 Be7 19.Na5 Nxc2 20.Bb6 Qxb6 21.Qxd7+ Kf8 22.Nxb7 Rc7
23.Qa4 Ne3 24.Na5 Nxd1 25.Nxd1 Qb4 26.Qa2 Qxe4 27.Nc3 Qc2 28.Nc4 Bb4 29.Qxa6 Bxc3
30.Nd6 Bb4 31.f5 exf5 32.Qa8+ Ke7 33.Nxf5+ Qxf5  0-1

[Event "Helsinki"]
[Site "Helsinki"]
[Date "1991.??.??"]
[Round "?"]
[White "Arnason, Jon L"]
[Black "Cramling, Pia"]
[Result "1-0"]
[WhiteElo "2540"]
[BlackElo "2470"]

1.e4 c5 2.Nf3 e6 3.d4 cxd4 4.Nxd4 Nc6 5.Nc3 Qc7 6.Be2 a6 7.O-O Nf6 8.Kh1 Nxd4
9.Qxd4 Bc5 10.Qd3 h5 11.f4 Ng4 12.e5 d6 13.exd6 Qxd6 14.Qxd6 Bxd6 15.Bf3 Rb8
16.Ne4 Be7 17.Nf2 f5 18.Nd3 Bd7 19.a4 b6 20.Re1 Rc8 21.Re2 Rc7 22.b3 Bf6
23.Bb2 Kf7 24.c4 a5 25.h3 Bc8 26.Rd1 Rd7 27.Bc6 Rd6 28.Bb5 Bb7 29.Be5 Rdd8
30.Bxf6 Kxf6 31.hxg4 hxg4+ 32.Kg1 Rd4 33.Rde1 Bc8 34.c5 Rhd8 35.cxb6  1-0

[Event "Helsinki-ch"]
[Site "Helsinki"]
[Date "1991.??.??"]
[Round "?"]
[White "Sorri, Kari Juhani"]
[Black "Kanko, Ilkka"]
[Result "1/2-1/2"]
[WhiteElo "2305"]
[BlackElo "2310"]

1.e4 c5 2.Nf3 e6 3.d4 cxd4 4.Nxd4 Nc6 5.Nc3 a6 6.Be2 Qc7 7.O-O Nf6 8.Be3 Be7
9.Kh1 O-O 10.f4 d6 11.Qe1 Bd7 12.Nb3 b5 13.Bf3 Rab8 14.Rd1 b4 15.Ne2 e5 16.Ng3 a5
17.fxe5 dxe5 18.Be2 Rfd8 19.Qf2 Be6 20.Rxd8+ Nxd8 21.Ba7 Rc8 22.Bd3 a4 23.Nd2 Ng4
24.Qg1 Bg5 25.Nf3 Bf4 26.Nh5 g6 27.Nxf4 exf4 28.Bb6 Qb8 29.b3 axb3 30.axb3 Nc6
31.Ba6 Re8 32.Bb5 Bd7 33.Rd1 Ne3 34.Bxe3 fxe3 35.Bc4 Qa7 36.Qf1 Be6 37.Bb5 Qc5
38.Qe2 Rd8 39.Bd3 Nd4 40.Nxd4 Qxd4 41.h3 Kg7 42.Qf3 Rd7 43.Re1 Bxb3 44.Bb5 Rb7
45.cxb3 Rxb5 46.Qxe3 Qxe3 47.Rxe3 Re5 48.g4 Kh6 49.Kg2 f5 50.Kf3 Kg5  1/2-1/2

[Event "Helsinki"]
[Site "Helsinki"]
[Date "1991.??.??"]
[Round "?"]
[White "Rantanen, Yrjo A"]
[Black "Cramling, Pia"]
[Result "0-1"]
[WhiteElo "2415"]
[BlackElo "2470"]

1.e4 c5 2.Nf3 e6 3.d4 cxd4 4.Nxd4 Nc6 5.Nc3 Qc7 6.Be2 a6 7.O-O Nf6 8.Be3 Bb4
9.Nxc6 bxc6 10.f4 Bxc3 11.bxc3 c5 12.e5 Nd5 13.Bd2 c4 14.Rb1 O-O 15.Qe1 f6
16.Bf3 Bb7 17.Qe4 Rac8 18.Qd4 Ba8 19.a4 Ne7 20.Bxa8 Rxa8 21.Be3 fxe5 22.Qxe5 Qxe5
23.fxe5 Rfb8 24.Bc5 Nd5 25.Rxb8+ Rxb8 26.Bd6 Rc8 27.Rf3 a5 28.Kf2 h6 29.h4 h5
30.Ke2 Nb6 31.Ke3 Nxa4 32.Kd4 Nb6 33.Rf1 Kh7 34.Ra1 a4 35.Bc5 Nd5 36.Rxa4 Nf4
37.Be7 Ne2+  0-1

[Event "Helsinki HM"]
[Site "Helsinki"]
[Date "1991.??.??"]
[Round "7"]
[White "Lahtinen, Markku"]
[Black "Kanko, Ilkka"]
[Result "0-1"]
[WhiteElo "2245"]
[BlackElo "2310"]

1.e4 c5 2.Nf3 e6 3.d4 cxd4 4.Nxd4 Nc6 5.Nc3 a6 6.f4 Nge7 7.Be3 b5 8.Qf3 Nxd4
9.Bxd4 Bb7 10.Bd3 Nc6 11.Be3 Be7 12.O-O d6 13.a4 b4 14.Ne2 O-O 15.Rad1 Qc7
16.Qg4 Bf6 17.b3 g6 18.h4 h5 19.Qf3 Ne7 20.g4 hxg4 21.Qxg4 Kg7 22.Rf2 Rh8
23.Rh2 Rh7 24.Kf2 Rah8 25.Rdh1 e5 26.h5 d5 27.Ng3 exf4 28.Bxf4 Be5 29.Nf5+ Nxf5
30.Bxe5+ Qxe5 31.exf5 Bc8 32.Qg5 Re8 33.Rh4 Bxf5 34.hxg6 Rxh4 35.gxf7+ Kxf7
36.Rxh4 Qe1+ 37.Kf3 Be4+ 38.Bxe4 dxe4+ 39.Kg2 Qe2+ 40.Kh3 Qf3+ 41.Qg3 Qh1+
42.Qh2  0-1

[Event "Herning"]
[Site "Herning"]
[Date "1991.??.??"]
[Round "?"]
[White "Sorensen, Jan"]
[Black "Cebalo, Miso"]
[Result "0-1"]
[WhiteElo "2405"]
[BlackElo "2525"]

1.e4 c5 2.Nf3 e6 3.d4 cxd4 4.Nxd4 Nc6 5.Nc3 d6 6.Be3 Nf6 7.Bc4 Be7 8.Bb3 Bd7
9.f4 Nxd4 10.Bxd4 Bc6 11.e5 dxe5 12.fxe5 Nd7 13.O-O Bc5 14.Bxc5 Nxc5 15.Qg4 O-O
16.Rad1 Qb6 17.Kh1 a5 18.Ne2 Rad8 19.Rxd8 Rxd8 20.Qf4 Rd7 21.Qf2 Qc7 22.Qf4 Bb5
23.c4 Nd3 24.Qe3 Bxc4 25.Bxc4 Qxc4 26.Ng3 Qd4 27.Qxd4 Rxd4 28.Kg1 Nxe5 29.Rc1 g6
30.Rc7 Ng4 31.Kf1 Nxh2+  0-1

[Event "Herning"]
[Site "Herning"]
[Date "1991.??.??"]
[Round "?"]
[White "Fishbein, Alexander"]
[Black "Cebalo, Miso"]
[Result "1-0"]
[WhiteElo "2460"]
[BlackElo "2525"]

1.e4 c5 2.Nf3 e6 3.d4 cxd4 4.Nxd4 Nc6 5.Nc3 d6 6.Be2 Nf6 7.Be3 Be7 8.O-O O-O
9.f4 Bd7 10.Nb3 a6 11.a4 b6 12.Bf3 Rb8 13.Qe2 Nb4 14.Rad1 Qc7 15.g4 d5 16.e5 Ne4
17.Nxe4 dxe4 18.Bxe4 Bxa4 19.Nd4 Bc5 20.b3 Bb5 21.c4 Bd7 22.Qf2 Rbd8 23.Nf3 f6
24.Bxc5 bxc5 25.Rd6 fxe5 26.fxe5 Bc8 27.Rfd1 Rde8 28.Bxh7+ Kxh7 29.Qh4+ Kg8
30.Ng5  1-0

[Event "Herning"]
[Site "Herning"]
[Date "1991.??.??"]
[Round "?"]
[White "Watson, William N"]
[Black "Jansa, Vlastimil"]
[Result "1-0"]
[WhiteElo "2525"]
[BlackElo "2485"]

1.e4 c5 2.Nf3 e6 3.d4 cxd4 4.Nxd4 Nc6 5.Nc3 Qc7 6.Be2 a6 7.O-O Nf6 8.Be3 Bb4
9.Na4 O-O 10.Nxc6 bxc6 11.Nb6 Rb8 12.Nxc8 Rfxc8 13.Bxa6 Rd8 14.Bd3 Bd6 15.f4 e5
16.f5 Rxb2 17.g4 Qa5 18.g5 Bc5 19.Bxc5 Qxc5+ 20.Kh1 Ne8 21.a4 d5 22.Qg4 dxe4
23.Qxe4 Rd4 24.Qf3 Rbb4 25.a5 e4 26.Qe3 Nc7 27.Be2 Nd5 28.Qg3 Nc3 29.Bh5 Rd7
30.a6 Ra7 31.g6 e3 32.gxf7+ Kf8 33.Ra5 Qxa5 34.Qd6+ Re7 35.f6 gxf6 36.Rg1 Qxh5
37.Qd8+ Kxf7 38.Qg8+  1-0

[Event "Herning"]
[Site "Herning"]
[Date "1991.??.??"]
[Round "?"]
[White "Jansa, Vlastimil"]
[Black "Cebalo, Miso"]
[Result "0-1"]
[WhiteElo "2485"]
[BlackElo "2525"]

1.e4 c5 2.Nf3 e6 3.d4 cxd4 4.Nxd4 Nc6 5.Nc3 d6 6.Be2 Nf6 7.O-O Be7 8.Be3 O-O
9.f4 Bd7 10.Nb3 a6 11.a4 Qc7 12.a5 Rac8 13.Bf3 Nb4 14.Rf2 Bc6 15.Qe1 Qb8
16.Rd1 d5 17.e5 Nd7 18.Bd4 g6 19.Qe3 Bb5 20.f5 gxf5 21.Qh6 Kh8 22.Bxd5 Rg8
23.Rxf5 Rg6 24.Qh3 exf5 25.Bxf7 Kg7 26.Qxf5 Rg5 27.e6+ Ne5 28.Qf4 Bf6 29.Re1 Rg4
30.Qf5 Rxd4 31.Nxd4 Nxf7 32.Ndxb5 Nh6 33.Qe4 axb5 34.Qxb4 Qa7+ 35.Kh1 Bxc3
36.bxc3 Qf2 37.Qd4+ Qxd4 38.cxd4 Nf5 39.d5 Nd6 40.Re2 Rc5 41.Rd2 Kf6 42.h3 Ke5
43.e7 Rc8 44.g4 Re8 45.Re2+ Kxd5 46.Re3 Nc4 47.Rd3+ Kc6 48.Kg2 Rxe7 49.Kf2 Nxa5
50.Kf3 b4 51.g5 Nc4 52.Kf4 Re2 53.h4 Rh2  0-1